JCT: Intemediate named sub-contract conditions 2016 (Record no. 121436)

MARC details
000 -LEADER
fixed length control field 01371aam a2200421 i 4500
001 - CONTROL NUMBER
control field 121436
003 - CONTROL NUMBER IDENTIFIER
control field UkOxU
005 - DATE AND TIME OF LATEST TRANSACTION
control field 20230404113946.0
008 - FIXED-LENGTH DATA ELEMENTS--GENERAL INFORMATION
fixed length control field 230404s2016 enk 000 0 eng c
016 7# - NATIONAL BIBLIOGRAPHIC AGENCY CONTROL NUMBER
Record control number 018398539
Source Uk
020 ## - INTERNATIONAL STANDARD BOOK NUMBER
ISBN 9780414054813
Qualifying information paperback
035 ## - SYSTEM CONTROL NUMBER
System control number (WlAbNL)99762137902419
035 ## - SYSTEM CONTROL NUMBER
System control number (UK-WkNB)9780414054813
035 ## - SYSTEM CONTROL NUMBER
System control number (StEdALDL)1/3522714
035 ## - SYSTEM CONTROL NUMBER
System control number (UkOxU)020944131
035 ## - SYSTEM CONTROL NUMBER
System control number (Uk)018398539
040 ## - CATALOGING SOURCE
Original cataloging agency Uk
041 ## - LANGUAGE CODE
Language code of text/sound track or separate title eng
042 ## - AUTHENTICATION CODE
Authentication code ukscp
082 04 - DEWEY DECIMAL CLASSIFICATION NUMBER
Classification number 343.41078624
245 00 - TITLE STATEMENT
Title JCT: Intemediate named sub-contract conditions 2016
Subtitle ICSub/NAM/C 2016
246 30 - VARIANT TITLE
Title Intermediate named sub-contract conditions 2016
264 #1 - PRODUCTION, PUBLICATION, DISTRIBUTION, MANUFACTURE, AND COPYRIGHT NOTICE
Place of production, publication, distribution, manufacture London :
Name of producer, publisher, distributor, manufacturer Thomson Reuters (Professional) UK Limited, trading as Sweet & Maxwell,
Date of production, publication, distribution, manufacture, or copyright notice 2016.
300 ## - PHYSICAL DESCRIPTION
Physical description ii, 56 pages ;
Dimensions 30 cm.
490 1# - SERIES TITLE
Series statement JCT Contracts 2016
500 ## - GENERAL NOTE
General note At head of title: JCT.
610 20 - SUBJECT ADDED ENTRY--CORPORATE NAME
Corporate name or jurisdiction name as entry element Joint Contracts Tribunal.
650 #0 - KEYWORDS
Keywords Construction contracts
Geographic subdivision Great Britain.
650 #0 - KEYWORDS
Keywords Buildings
General subdivision Contracts and specifications
Geographic subdivision Great Britain.
651 ## - SUBJECT ADDED ENTRY--GEOGRAPHIC NAME
Geographic name United Kingdom
710 2# - ADDED CORPORATE NAME
Added corporate author Joint Contracts Tribunal,
Relator term issuing body.
830 #0 - SERIES ADDED ENTRY--UNIFORM TITLE
Uniform title Intermediate building contract.
Date of a work 2016.
942 ## - ADDED ENTRY ELEMENTS (KOHA)
Suppress in OPAC Do not suppress in OPAC
336 ## - CONTENT TYPE
Content type term text
Content type code txt
Source rdacontent
337 ## - MEDIA TYPE
Media type term unmediated
Media type code n
Source rdamedia
338 ## - CARRIER TYPE
Carrier type term volume
Carrier type code nc
Source rdacarrier
Holdings
Lost status Damaged status Not for loan Home library Current library Shelving location Date acquired Total Checkouts Full call number Date last seen Price effective from Koha item type
      London London Boxed set 04/04/2023   JCT CONTRACTS 04/04/2023 04/04/2023 Book